| 000 | 00920cai a22001695a 4500 | ||
|---|---|---|---|
| 001 | L140076 | ||
| 008 | 070904u xxk g 000 0 eng d | ||
| 035 | _a(Sirsi) u140076 | ||
| 041 | 0 | _aeng | |
| 110 | 2 |
_aInternational Chamber of Commerce _91250 |
|
| 245 | 0 | 0 |
_aICC Dispute resolution services _h[electronic resource] |
| 520 | _aWorld business organisation which champions the global economy as a force for economic growth, job creation and prosperity. The International Court of Arbitration is an international arbitration service which aims to resolve cross-border business disputes through a range of different services. | ||
| 651 | 4 | _aInternational | |
| 690 | _aMANAGEMENT-DISPUTE AVOIDANCE, MANAGEMENT AND RESOLUTION-DISPUTE MANAGEMENT AND RESOLUTION-ALTERNATIVE DISPUTE RESOLUTION-ARBITRATION | ||
| 856 | 4 | 0 |
_uhttps://www.iccwbo.org/court/ _zView this website free of charge at www.iccwbo.org/court... |
| 942 | _n0 | ||
| 999 |
_c120621 _d120621 |
||